[Event "150 Years SG Braunschweig"]
[Site "Brunswick"]
[Date "2019.10.24"]
[Round "7.4"]
[White "Reuker, Jari"]
[Black "Krasenkow, Michal"]
[Result "1/2-1/2"]
[WhiteElo "2394"]
[BlackElo "2622"]
[Annotator "TA"]
[PlyCount "146"]
[EventDate "2019.10.21"]
[EventType "tourn"]
[EventCountry "GER"]
[SourceTitle "playchess.com"]
[Source "ChessBase"]
[SourceQuality "1"]

{[%evp 9,146,47,72,47,42,49,53,58,54,41,52,50,65,60,55,51,56,54,68,52,79,49,49,49,63,41,55,35,37,41,45,38,80,90,78,22,14,-4,-16,-53,-53,-53,-52,-54,-59,-155,-83,-83,-84,-82,-86,-76,-85,-85,-82,-78,-73,-76,-78,-90,-53,-52,-51,-50,-50,-54,-50,-52,-48,-50,-52,-64,-55,-105,-106,-102,-86,-117,-117,-117,-117,-117,-117,-117,-116,-116,-116,-116,-107,-107,-87,-107,-97,-100,-70,-107,-106,-125,-87,-87,-68,-87,-83,-128,-62,-64,0,-8,0,-8,-8,-8,-8,-68,0,0,0,0,0,0,0,0,0,0,0,-8,-8,-8,-8,-8,-8,-8,0,0,0,0,0,0,8]} 1. Nf3 d6 2. d4 Bg4 3. c4 Nd7 4. Nc3 c6 5. g3 (5. e3 e5 6. Be2 Ngf6 7. h3 Bh5 8. b4 Be7 9. b5 Qc7 10. O-O O-O 11. Ba3 Rfe8 12. Rb1 Bg6 13. Rb3 Bf8 14. Nh4 exd4 15. exd4 c5 16. Nxg6 hxg6 {1-0 (70) Meskovs,N (2538)-Plat,V (2567) Katowice 2017}) 5... g6 6. Bg2 {A41: 1 d4 d6: Tartakower System and Modern Defence} Bg7 7. O-O Ngf6 8. h3 {White is slightly better.} Bxf3 $1 9. exf3 e6 $146 ({Predecessor:} 9... O-O 10. f4 e5 11. Be3 exf4 12. Bxf4 Nb6 13. b3 Nh5 14. Be3 Re8 15. Qd2 Rc8 16. Rad1 Qe7 17. Rfe1 Qf8 {0-1 (54) Flores Rojas,F (1979)-Nunez Valverde,J (1934) San Jose 2013}) 10. d5 cxd5 11. cxd5 e5 $1 12. Be3 O-O 13. Qb3 Qb8 14. Rac1 Rc8 15. f4 exf4 16. Bxf4 Nc5 17. Qd1 b5 18. b4 Ncd7 19. Ne2 Rxc1 20. Qxc1 a5 21. Qc6 Bf8 22. Nd4 (22. a3 $16) 22... axb4 $11 23. Nxb5 Rxa2 {[%cal Ba8a2,Ba2d2,Bd2d3][%mdl 32]} 24. Rb1 Ne5 25. Bxe5 $1 dxe5 26. d6 Rd2 27. Ra1 (27. Rxb4 $15 Rxd6 28. Nxd6 Qxb4 29. Ne4 Qe1+ 30. Kh2 Nxe4 31. Qxe4 Qxf2 32. Qxe5) 27... Qe8 ({Don't go for} 27... Bxd6 $2 28. Ra8 $18) (27... b3 $142 $1 {aiming for ...Rc2.} 28. Ra8 b2 29. Rxb8 b1=Q+ 30. Kh2 Qf5) 28. Qc1 $17 {[#]} Rd3 $1 29. Qc4 e4 30. Re1 {Threatens to win with Qxd3!} Rd5 31. Bf1 Bxd6 32. Nxd6 Rxd6 33. Qxb4 Qe5 34. Qb3 g5 35. Bc4 Rd7 36. Qb5 Qxb5 37. Bxb5 $15 {[%mdl 4096] Endgame KRB-KRN} Rc7 38. Kg2 h5 39. Re2 Kg7 40. Ba4 Rc4 41. Bc2 h4 42. Bb3 Rc3 43. Bc2 hxg3 44. fxg3 Nh5 45. Bxe4 Nxg3 46. Re1 Nh5 47. Bf5 Nf4+ 48. Kh2 Rc5 49. Bd7 Kg6 50. Re3 Rc2+ 51. Kg3 Rg2+ 52. Kf3 Rd2 53. Bc8 Rd8 54. Rc3 Kh5 55. Bg4+ Kh4 56. Ke4 {[#]} Re8+ (56... Ra8 $1 $17 57. Rb3 Ra5) 57. Kf5 $1 Nd5 (57... Re1 $15 58. Rc4 Rf1) 58. Rc5 $11 Ne3+ 59. Kf6 Re4 60. Bd7 Rf4+ 61. Kg7 (61. Bf5 $1 $11) 61... f6 ({Black should try} 61... f5 $15 62. Kg6 g4 63. hxg4 fxg4) 62. Kg6 {The position is equal.} Nc4 {Hoping for ...Ne5+.} 63. Bc8 Ne5+ 64. Kg7 Rf3 65. Rd5 Nc6 66. Bg4 Rf4 67. Rf5 Ne5 68. Rxf4 gxf4 {KB-KN} 69. Bd1 Kg5 {[#] ...Ng6 is the strong threat.} (69... f5 $5 70. Kf6 $8 {[%mdl 64] Double Attack} Kxh3 $11) 70. h4+ $1 {[%mdl 512]} Kf5 (70... Kxh4 71. Kxf6) 71. h5 {And now h6 would win.} Ng4 72. h6 Nxh6 $1 73. Kxh6 Ke5 {Accuracy: White = 54%, Black = 56%.} 1/2-1/2

[Event "150 Years SG Braunschweig"]
[Site "Brunswick"]
[Date "2019.10.24"]
[Round "7.5"]
[White "Meshkovs, Nikita"]
[Black "Lubbe, Melanie"]
[Result "1-0"]
[WhiteElo "2548"]
[BlackElo "2242"]
[Annotator "TA"]
[PlyCount "99"]
[EventDate "2019.10.21"]
[EventType "tourn"]
[EventCountry "GER"]
[SourceTitle "playchess.com"]
[Source "ChessBase"]
[SourceQuality "1"]

{[%evp 13,99,41,43,44,43,43,43,31,35,50,45,38,50,54,100,90,71,63,67,36,187,220,193,200,293,287,288,283,276,226,239,231,222,200,208,193,176,190,200,187,240,233,266,277,300,252,413,438,428,427,519,481,629,629,629,381,633,258,258,260,260,253,253,253,253,246,379,375,347,345,497,496,492,456,1001,581,581,581,583,583,583,583,12842,12843,12843,12843,12844,755]} 1. d4 Nf6 2. c4 g6 3. Nc3 Bg7 4. e4 d6 5. h3 O-O 6. Be3 e5 7. d5 Na6 8. g4 {E71: King's Indian: 4 e4 d6 5 h3} c6 9. Qd2 cxd5 10. cxd5 {White is slightly better.} Nc5 11. f3 $1 Bd7 12. Nge2 a5 13. Ng3 {[#]} Rb8 $146 ({Predecessor:} 13... a4 14. Nb5 Qb6 15. Na3 Rfc8 {0-1 (74) Anton Guijarro,D (2666)-Kovalev,V (2639) Riadh 2017}) 14. Nb5 Qb6 15. a4 {[%cal Ba2a4,Ba4a5][%mdl 32]} Ne8 16. Ra2 Nc7 $2 {[#]} ({Better is} 16... Ra8 $14) 17. b4 $1 $18 {[%cal Rb4a5]} axb4 {[%cal Rc7b5]} 18. a5 b3 (18... Qxb5 {might work better.} 19. Bxb5 Bxb5) 19. Rb2 ({But not} 19. axb6 $6 bxa2 20. Qxa2 Nxb5 $16) 19... Qxb5 20. Bxb5 Nxb5 21. Bxc5 dxc5 22. Rxb3 c4 23. Rxb5 Bxb5 24. Qb4 Ba6 25. Ne2 c3 26. Qxc3 Rfc8 (26... b6 {keeps fighting.} 27. axb6 Rxb6) 27. Qd2 Rc4 28. O-O Bf8 29. Rc1 Bb4 $2 (29... Ra4 30. Qb2 Re8) 30. Qb2 Rxc1+ 31. Nxc1 Bxa5 32. d6 Rc8 33. d7 Rc6 34. Ne2 Bxe2 $2 (34... Rd6 35. Nc3 (35. Qxe5 Bb6+ 36. Kg2 Rd2 $18) 35... Rd4) 35. Qxe5 (35. Qxb7 $142 Ra6 36. Kf2) 35... Bb6+ 36. Kg2 Rc2 {[#] White should prevent ...Bb5+.} 37. d8=Q+ $1 {[%mdl 576] Decoy} Bxd8 38. Qe8+ {[%mdl 64] Double Attack} Kg7 {White must now prevent ...Bb5+.} 39. Qxd8 {[%mdl 4096] Endgame KQ-KRB} b5 (39... Ra2 $142 40. Qb6 h6) 40. g5 Bc4+ 41. Kg3 b4 (41... Be6 {was worth a try.} 42. Qf6+ Kg8 43. Qd8+ Kg7 44. Qd4+ Kg8) 42. f4 {White is clearly winning.} Rc3+ 43. Kh4 Rd3 (43... Bd3 $142 44. f5 gxf5 45. exf5 Rc4+ 46. Kg3 Rc3) 44. Qc7 Be6 {[%csl Ge6][%cal Rd3h3]} 45. Qe5+ Kg8 {[%csl Ge6][%cal Rd3h3]} 46. f5 gxf5 47. exf5 Bd7 48. Qb8+ {[%mdl 64] Double Attack} Kg7 49. f6+ Kg6 50. Qg8+ {Accuracy: White = 74%, Black = 40%.} 1-0

[Event "150 Years SG Braunschweig"]
[Site "Brunswick"]
[Date "2019.10.25"]
[Round "8.1"]
[White "Gajek, Radoslaw"]
[Black "Lubbe, Melanie"]
[Result "0-1"]
[WhiteElo "2411"]
[BlackElo "2242"]
[Annotator "ChessBase"]
[PlyCount "76"]
[EventDate "2019.10.21"]
[EventType "tourn"]
[EventCountry "GER"]
[SourceTitle "playchess.com"]
[Source "ChessBase"]
[SourceQuality "1"]
[TimeControl "40/5400+30:900+30"]

1. e4 {[%emt 0:00:00]} d6 {[%emt 0:00:00]} 2. d4 {[%emt 0:00:00]} Nf6 {[%emt 0:00:00]} 3. Nc3 {[%emt 0:00:00]} g6 {[%emt 0:00:00]} 4. f4 {[%emt 0:00:00]} Bg7 {[%emt 0:00:15]} 5. Nf3 {[%emt 0:00:12]} O-O {[%emt 0:00:34]} 6. e5 {[%emt 0:00:15]} dxe5 {[%emt 0:02:16]} 7. fxe5 {[%emt 0:00:11]} Nd5 {[%emt 0:00:56]} 8. Bc4 {[%emt 0:00:05]} Be6 {[%emt 0:12:34]} 9. Bxd5 {[%emt 0:00:19]} Bxd5 {[%emt 0:00:05]} 10. Nxd5 {[%emt 0:00:07]} Qxd5 {[%emt 0:00:04]} 11. Qe2 {[%emt 0:00:05]} b5 {[%emt 0:19:27]} 12. O-O {[%emt 0:02:47]} Nc6 {[%emt 0:04:07]} 13. c3 {[%emt 0:00:07]} b4 {[%emt 0:13:05]} 14. Rd1 {[%emt 0:05:04]} bxc3 {[%emt 0:03:32]} 15. bxc3 {[%emt 0:00:45]} Na5 {[%emt 0:00:03]} 16. Ba3 {[%emt 0:05:12]} Rfe8 {[%emt 0:00:18]} 17. Rab1 {[%emt 0:01:44]} Nc4 {[%emt 0:04:52]} 18. Bc5 {[%emt 0:00:07]} a5 {[%emt 0:01:06]} 19. Rb5 {[%emt 0:11:42]} f6 {[%emt 0:04:58]} 20. e6 {[%emt 0:15:47]} Ra6 {[%emt 0:07:45]} 21. Re1 {[%emt 0:02:45]} Bh6 {[%emt 0:00:47]} 22. a4 {[%emt 0:01:36]} Ne3 {[%emt 0:05:58]} 23. Bb6 {[%emt 0:05:26]} Qc6 {[%emt 0:06:17]} 24. Bxa5 {[%emt 0:01:15]} Rea8 {[%emt 0:00:51]} 25. Bb4 {[%emt 0:06:47]} Rxa4 {[%emt 0:00:04]} 26. d5 {[%emt 0:02:33]} Qa6 {[%emt 0:03:09]} 27. Rc5 {[%emt 0:21:06]} Qa7 {[%emt 0:00:51]} 28. Qd3 {[%emt 0:07:09]} Ra1 {[%emt 0:00:10]} 29. Kf2 {[%emt 0:02:07]} Rxe1 {[%emt 0:04:39]} 30. Nxe1 {[%emt 0:01:06]} Qa1 {[%emt 0:00:24]} 31. c4 {[%emt 0:05:28]} Qb2+ {[%emt 0:00:59]} 32. Bd2 {[%emt 0:00:43]} Ng4+ {[%emt 0:03:55]} 33. Ke2 {[%emt 0:00:49]} Qe5+ {[%emt 0:00:06]} 34. Kf1 {[%emt 0:00:53]} Bxd2 {[%emt 0:01:03]} 35. Qxd2 {[%emt 0:00:24]} Ra1 {[%emt 0:00:46]} 36. h3 {[%emt 0:01:31]} Qf5+ {[%emt 0:01:03]} 37. Kg1 {[%emt 0:00:27]} Qc2 {[%emt 0:00:30]} 38. Qa5 {[%emt 0:01:46]} Qf2+ {[%emt 0:00:07]} 0-1

[Event "150 Years SG Braunschweig"]
[Site "Brunswick"]
[Date "2019.10.25"]
[Round "8.2"]
[White "Krasenkow, Michal"]
[Black "Meshkovs, Nikita"]
[Result "1/2-1/2"]
[WhiteElo "2622"]
[BlackElo "2548"]
[Annotator "ChessBase"]
[PlyCount "97"]
[EventDate "2019.10.21"]
[EventType "tourn"]
[EventCountry "GER"]
[SourceTitle "playchess.com"]
[Source "ChessBase"]
[SourceQuality "1"]
[TimeControl "40/5400+30:900+30"]

1. d4 {[%emt 0:00:00]} Nf6 {[%emt 0:00:00]} 2. c4 {[%emt 0:00:00]} e6 {[%emt 0:00:00]} 3. Nc3 {[%emt 0:00:00]} Bb4 {[%emt 0:00:45]} 4. e3 {[%emt 0:00:00]} O-O {[%emt 0:00:26]} 5. Bd2 {[%emt 0:00:00]} b6 {[%emt 0:02:14]} 6. Bd3 {[%emt 0:02:50]} Bb7 {[%emt 0:00:16]} 7. f3 {[%emt 0:01:11]} d5 {[%emt 0:01:09]} 8. cxd5 {[%emt 0:00:23]} exd5 {[%emt 0:00:01]} 9. Nge2 {[%emt 0:00:13]} Re8 {[%emt 0:01:30]} 10. O-O {[%emt 0:08:07]} Bd6 {[%emt 0:01:13]} 11. Qe1 {[%emt 0:04:59]} c5 {[%emt 0:02:33]} 12. Qh4 {[%emt 0:00:14]} Ba6 {[%emt 0:12:41]} 13. Bxa6 {[%emt 0:03:12]} Nxa6 {[%emt 0:00:09]} 14. g4 {[%emt 0:00:51]} Nb4 {[%emt 0:01:30]} 15. Nb5 {[%emt 0:04:57]} Bb8 {[%emt 0:07:38]} 16. Na3 {[%emt 0:06:32]} Nd3 {[%emt 0:06:36]} 17. Rab1 {[%emt 0:02:37]} a6 {[%emt 0:04:13]} 18. Nc1 {[%emt 0:01:15]} Nxc1 {[%emt 0:05:13]} 19. Rbxc1 {[%emt 0:00:10]} Bd6 {[%emt 0:01:58]} 20. Nb1 {[%emt 0:01:56]} Rc8 {[%emt 0:05:49]} 21. Nc3 {[%emt 0:01:26]} cxd4 {[%emt 0:01:55]} 22. exd4 {[%emt 0:01:10]} Rc4 {[%emt 0:02:06]} 23. Bg5 {[%emt 0:06:43]} Rxd4 {[%emt 0:01:37]} 24. Bxf6 {[%emt 0:00:43]} gxf6 {[%emt 0:06:54]} 25. Rcd1 {[%emt 0:04:57]} Bc5 {[%emt 0:02:45]} 26. Kh1 {[%emt 0:04:47]} Re5 {[%emt 0:02:51]} 27. Rxd4 {[%emt 0:00:25]} Bxd4 {[%emt 0:00:02]} 28. g5 {[%emt 0:00:21]} Be3 {[%emt 0:13:24]} 29. gxf6 {[%emt 0:00:24]} Kh8 {[%emt 0:00:01]} 30. f4 {[%emt 0:14:16]} Re8 {[%emt 0:00:02]} 31. Qg3 {[%emt 0:03:53]} Qxf6 {[%emt 0:00:18]} 32. Nxd5 {[%emt 0:00:05]} Qc6 {[%emt 0:00:11]} 33. Qf3 {[%emt 0:00:45]} Bd4 {[%emt 0:01:01]} 34. b3 {[%emt 0:00:04]} f5 {[%emt 0:05:14]} 35. Nb4 {[%emt 0:03:02]} Qxf3+ {[%emt 0:05:02]} 36. Rxf3 {[%emt 0:00:25]} Re1+ {[%emt 0:00:04]} 37. Kg2 {[%emt 0:00:12]} a5 {[%emt 0:00:11]} 38. Nc6 {[%emt 0:01:01]} Bc5 {[%emt 0:00:12]} 39. a4 {[%emt 0:03:13]} Re2+ {[%emt 0:05:08]} 40. Kg3 {[%emt 0:04:24]} Kg7 {[%emt 0:01:25]} 41. Ne5 {[%emt 0:18:27]} Be3 {[%emt 0:04:19]} 42. Nc4 {[%emt 0:00:00]} Bg1 {[%emt 0:06:39]} 43. h3 {[%emt 0:00:00]} Bh2+ {[%emt 0:01:55]} 44. Kh4 {[%emt 0:00:00]} Kg6 {[%emt 0:03:20]} 45. Nxb6 {[%emt 0:00:00]} Kh6 {[%emt 0:04:12]} 46. Nc4 {[%emt 0:00:00]} Bg1 {[%emt 0:00:02]} 47. Kg3 {[%emt 0:00:00]} Bh2+ {[%emt 0:00:01]} 48. Kh4 {[%emt 0:00:00]} Bg1 {[%emt 0:00:13]} 49. Kg3 {[%emt 0:00:00]} 1/2-1/2

[Event "150 Years SG Braunschweig"]
[Site "Brunswick"]
[Date "2019.10.25"]
[Round "8.3"]
[White "Lubbe, Nikolas"]
[Black "Reuker, Jari"]
[Result "1-0"]
[WhiteElo "2431"]
[BlackElo "2394"]
[Annotator "NA"]
[PlyCount "93"]
[EventDate "2019.10.21"]
[EventType "tourn"]
[EventCountry "GER"]
[SourceTitle "playchess.com"]
[Source "ChessBase"]
[SourceQuality "1"]
[TimeControl "40/5400+30:900+30"]

{[%evp 12,89,-24,32767,-14,-27,-32,-43,-22,-45,-4,32767,0,-10,6,32767,32767,-63,32767,32767,32767,32767,32767,-39,-45,-89,-77,-143,-78,-98,-78,32767,-228,-209,-22,-33,0,0,98,0,10,25,15,12,22,5,25,0,8,14,215,236,286,326,340,310,302,318,427,431,423,460,508,503,32767,32767,32767,681,770,32767,32767,1124,1375,1576,1058,1079,2718,2225,4710,29980]} 1. d4 {[%emt 0:00:00]} Nf6 {[%emt 0:00:00]} 2. Bg5 {[%emt 0:00:00]} d5 {[%emt 0:00:03]} 3. e3 {[%emt 0:00:18]} c5 {[%emt 0:00:51]} 4. Bxf6 {[%emt 0:01:19]} gxf6 {[%emt 0:00:17]} 5. c3 {[%emt 0:02:13]} Nc6 {[%emt 0:05:23]} (5... Qb6 6. Qb3 Nc6 7. Nd2 cxd4 8. exd4 e5 9. Ngf3 Be6 10. Bb5 e4 11. Nh4 f5 12. g3 Bd6 13. Ng2 O-O {1-0 (48) Jobava,B (2702)-Matlakov,M (2694) Doha 2016}) 6. Nd2 {[%emt 0:03:31] D00: 1 d4 d5: Unusual lines} e5 {[%emt 0:03:48]} 7. Nb3 {[%emt 0:10:41]} c4 $146 {[%emt 0:19:16]} ({Predecessor:} 7... cxd4 8. exd4 e4 9. Qh5 f5 10. f4 Qf6 11. Nh3 Qg6 12. Qe2 Bd7 13. O-O-O {1-0 (68) Abhilash,R (2133)-Hansen,T (2429) Barcelona 2017}) 8. Nd2 {[%emt 0:00:08]} Be6 {[%emt 0:07:52]} 9. g3 {[%emt 0:05:53]} Qd7 {[%emt 0:13:44]} 10. Bg2 {[%emt 0:03:41]} Be7 {[%emt 0:11:26]} 11. Ne2 {[%emt 0:06:31]} O-O {[%emt 0:01:18]} 12. O-O {[%emt 0:05:00]} b5 {[%emt 0:00:09]} 13. f4 {[%emt 0:08:44]} e4 {[%emt 0:01:51]} 14. f5 {[%emt 0:00:49]} Bxf5 {[%emt 0:00:04]} 15. Nf4 {[%emt 0:00:10]} Bg4 {[%emt 0:02:56]} 16. Qe1 {[%emt 0:02:01]} Kh8 {[%emt 0:00:58]} 17. Qf2 {[%emt 0:07:59]} Rac8 {[%emt 0:06:05]} 18. h3 {[%emt 0:06:10]} Be6 $1 {[%emt 0:00:10]} 19. g4 {[%emt 0:04:48]} (19. Nxe4 $1 $15 dxe4 {[#]} 20. d5 $1 {[%mdl 512]}) 19... Rg8 {[%emt 0:01:08]} 20. Nh5 {[%emt 0:03:08]} Rg6 {[%emt 0:01:22]} 21. Rad1 {[%emt 0:00:50] [#]} Rcg8 $1 {[%emt 0:03:10]} 22. Nxe4 {[%emt 0:04:38]} f5 {[%emt 0:04:47]} (22... dxe4 $17 23. Nf4 Bd5 24. Nxd5 Qxd5) 23. Nc5 {[%emt 0:00:41]} Bxc5 {[%emt 0:00:47]} ({Black should try} 23... Qc8 $15 24. Nf4 Rh6 25. Ncxe6 (25. Nfxe6 fxe6 26. gxf5 Rxh3 $19) 25... fxg4 26. hxg4 fxe6) 24. dxc5 {[%emt 0:00:02]} Ne5 {[%emt 0:03:32]} (24... Qe7 $11) 25. e4 {[%emt 0:08:18]} (25. Qf4 $16 Nc6 26. Kh1 {[%mdl 64] Decoy}) 25... fxg4 {[%emt 0:00:56]} 26. Qd4 {[%emt 0:00:52]} Qc7 {[%emt 0:01:22]} ({Wrong is} 26... gxh3 $2 27. Qxe5+ f6 28. Rxf6 $18) 27. h4 {[%emt 0:00:39]} dxe4 $1 {[%emt 0:03:57]} 28. Bxe4 {[%emt 0:00:35]} Rh6 {[%emt 0:00:22]} 29. Nf6 {[%emt 0:01:19]} Rc8 {[%emt 0:02:39]} 30. Bg2 {[%emt 0:02:28]} Rxh4 $2 {[%emt 0:00:28] [#]} (30... Rxf6 $11 {and Black stays safe.} 31. Rxf6 Qxc5) 31. Rfe1 $1 {[%emt 0:02:55]} Qxc5 {[%emt 0:03:34]} 32. Rxe5 {[%emt 0:00:44]} Qxd4+ {[%emt 0:00:01]} 33. cxd4 {[%emt 0:00:42]} Kg7 {[%emt 0:00:20]} 34. Nh5+ {[%emt 0:01:14]} Rxh5 {[%emt 0:01:49]} 35. Rxh5 {[%emt 0:00:15]} f5 {[%emt 0:00:03]} 36. d5 {[%emt 0:03:14]} Bd7 {[%emt 0:00:27]} 37. Kf2 {[%emt 0:00:56]} c3 {[%emt 0:00:03]} 38. bxc3 {[%emt 0:00:27]} Rxc3 {[%emt 0:00:03]} 39. Rdh1 {[%emt 0:00:26]} Rc2+ {[%emt 0:00:37]} 40. Kg3 {[%emt 0:00:39]} Kf6 {[%emt 0:00:37]} 41. Rh6+ {[%emt 0:17:03]} Ke5 {[%emt 0:16:08]} 42. Re1+ {[%emt 0:01:50]} Kd4 {[%emt 0:00:04]} 43. Rxh7 {[%emt 0:00:26]} Bc8 {[%emt 0:01:02]} 44. Rxa7 {[%emt 0:00:00]} b4 {[%emt 0:00:00]} 45. d6 {[%emt 0:00:00]} f4+ {[%emt 0:00:00]} 46. Kxf4 {[%emt 0:00:00]} Rxg2 {[%emt 0:00:00]} 47. Rd1+ {[%emt 0:04:13] Kd5 Ke4+} 1-0

[Event "150 Years SG Braunschweig"]
[Site "Brunswick"]
[Date "2019.10.25"]
[Round "8.4"]
[White "Ovsejevitsch, Sergei"]
[Black "Olsen, Filip Boe"]
[Result "1-0"]
[WhiteElo "2617"]
[BlackElo "2380"]
[Annotator "ChessBase"]
[PlyCount "123"]
[EventDate "2019.10.21"]
[EventType "tourn"]
[EventCountry "GER"]
[SourceTitle "playchess.com"]
[Source "ChessBase"]
[SourceQuality "1"]
[TimeControl "40/5400+30:900+30"]

1. Nf3 {[%emt 0:00:00]} d5 {[%emt 0:00:28]} 2. d4 {[%emt 0:00:00]} Nf6 {[%emt 0:00:12]} 3. c4 {[%emt 0:00:00]} e6 {[%emt 0:00:09]} 4. e3 {[%emt 0:01:13]} a6 {[%emt 0:00:22]} 5. b3 {[%emt 0:00:58]} c5 {[%emt 0:00:21]} 6. Bb2 {[%emt 0:00:23]} cxd4 {[%emt 0:00:56]} 7. exd4 {[%emt 0:00:08]} b6 {[%emt 0:00:30]} 8. Bd3 {[%emt 0:00:42]} Bb7 {[%emt 0:01:04]} 9. O-O {[%emt 0:00:14]} Bd6 {[%emt 0:02:09]} 10. Nbd2 {[%emt 0:07:06]} O-O {[%emt 0:00:50]} 11. Qe2 {[%emt 0:01:55]} Nbd7 {[%emt 0:05:38]} 12. Ne5 {[%emt 0:03:29]} Qe7 {[%emt 0:06:06]} 13. Rad1 {[%emt 0:04:29]} Rfd8 {[%emt 0:03:03]} 14. Ndf3 {[%emt 0:04:42]} dxc4 {[%emt 0:03:02]} 15. bxc4 {[%emt 0:01:04]} Nf8 {[%emt 0:02:50]} 16. Ng5 {[%emt 0:15:21]} Bxe5 {[%emt 0:14:16]} 17. dxe5 {[%emt 0:00:43]} Ne8 {[%emt 0:02:21]} 18. Qe3 {[%emt 0:06:20]} h6 {[%emt 0:09:35]} 19. Ne4 {[%emt 0:10:20]} Rac8 {[%emt 0:09:49]} 20. Nd6 {[%emt 0:03:35]} Nxd6 {[%emt 0:03:53]} 21. exd6 {[%emt 0:00:08]} Qg5 {[%emt 0:02:04]} 22. Qxg5 {[%emt 0:00:27]} hxg5 {[%emt 0:00:02]} 23. f4 {[%emt 0:05:58]} g4 {[%emt 0:06:32]} 24. f5 {[%emt 0:03:20]} exf5 {[%emt 0:13:53]} 25. Bxf5 {[%emt 0:02:15]} Rxc4 {[%emt 0:00:13]} 26. Be5 {[%emt 0:00:41]} Ne6 {[%emt 0:01:25]} 27. Bg3 {[%emt 0:03:16]} Ra4 {[%emt 0:04:09]} 28. Rf2 {[%emt 0:01:24]} Nc5 {[%emt 0:03:00]} 29. d7 {[%emt 0:02:53]} Bc6 {[%emt 0:02:13]} 30. Rfd2 {[%emt 0:03:00]} Bxd7 {[%emt 0:01:43]} 31. Bxd7 {[%emt 0:00:16]} Rxd7 {[%emt 0:00:09]} 32. Rxd7 {[%emt 0:00:06]} Nxd7 {[%emt 0:00:04]} 33. Rxd7 {[%emt 0:00:04]} Rxa2 {[%emt 0:00:17]} 34. Rd4 {[%emt 0:07:43]} b5 {[%emt 0:00:52]} 35. Rxg4 {[%emt 0:03:55]} f6 {[%emt 0:00:38]} 36. Rb4 {[%emt 0:00:43]} Kf7 {[%emt 0:00:56]} 37. h4 {[%emt 0:01:11]} g5 {[%emt 0:01:29]} 38. Kh2 {[%emt 0:04:25]} Ke6 {[%emt 0:00:32]} 39. Kh3 {[%emt 0:01:41]} Rc2 {[%emt 0:00:37]} 40. Rb1 {[%emt 0:02:12]} Ra2 {[%emt 0:00:40]} 41. Be1 {[%emt 0:04:31]} Ra4 {[%emt 0:04:25]} 42. g3 {[%emt 0:04:20]} Kf5 {[%emt 0:02:07]} 43. Rb4 {[%emt 0:03:14]} Ra3 {[%emt 0:01:38]} 44. Kg2 {[%emt 0:00:31]} Ra2+ {[%emt 0:01:10]} 45. Kf3 {[%emt 0:00:39]} Ra3+ {[%emt 0:01:07]} 46. Ke2 {[%emt 0:00:13]} Kg6 {[%emt 0:00:10]} 47. Kd2 {[%emt 0:01:32]} Ra1 {[%emt 0:01:12]} 48. Ke2 {[%emt 0:01:12]} Ra3 {[%emt 0:00:04]} 49. Bf2 {[%emt 0:00:48]} Ra2+ {[%emt 0:00:30]} 50. Kf3 {[%emt 0:00:25]} Ra3+ {[%emt 0:00:05]} 51. Be3 {[%emt 0:00:24]} Kf5 {[%emt 0:00:35]} 52. g4+ {[%emt 0:00:27]} Kg6 {[%emt 0:00:55]} 53. hxg5 {[%emt 0:04:54]} fxg5 {[%emt 0:00:03]} 54. Rd4 {[%emt 0:00:00]} a5 {[%emt 0:00:34]} 55. Rd5 {[%emt 0:00:00]} b4 {[%emt 0:00:06]} 56. Rxg5+ {[%emt 0:00:00]} Kf6 {[%emt 0:00:18]} 57. Rb5 {[%emt 0:00:00]} Kf7 {[%emt 0:00:55]} 58. g5 {[%emt 0:00:00]} Kg6 {[%emt 0:01:33]} 59. Kf4 {[%emt 0:00:14]} b3 {[%emt 0:00:50]} 60. Rb6+ {[%emt 0:00:08]} Kf7 {[%emt 0:00:19]} 61. g6+ {[%emt 0:00:12]} Kg8 {[%emt 0:01:15]} 62. Bd4 {[%emt 0:00:11]} 1-0

[Event "150 Years SG Braunschweig"]
[Site "Brunswick"]
[Date "2019.10.25"]
[Round "8.5"]
[White "Pajeken, Jakob Leon"]
[Black "Buckels, Valentin"]
[Result "1-0"]
[WhiteElo "2323"]
[BlackElo "2442"]
[Annotator "ChessBase"]
[PlyCount "59"]
[EventDate "2019.10.21"]
[EventType "tourn"]
[EventCountry "GER"]
[SourceTitle "playchess.com"]
[Source "ChessBase"]
[SourceQuality "1"]
[TimeControl "40/5400+30:900+30"]

1. d4 {[%emt 0:00:00]} d5 {[%emt 0:00:00]} 2. c4 {[%emt 0:00:00]} e6 {[%emt 0:00:00]} 3. Nf3 {[%emt 0:00:00]} Nf6 {[%emt 0:00:02]} 4. e3 {[%emt 0:00:06]} a6 {[%emt 0:00:34]} 5. Nc3 {[%emt 0:00:08]} b6 {[%emt 0:00:26]} 6. Bd3 {[%emt 0:01:04]} dxc4 {[%emt 0:00:53]} 7. Bxc4 {[%emt 0:00:09]} Bb7 {[%emt 0:00:26]} 8. O-O {[%emt 0:00:54]} Nbd7 {[%emt 0:00:58]} 9. a4 {[%emt 0:07:14]} Bb4 {[%emt 0:04:40]} 10. Qe2 {[%emt 0:04:44]} O-O {[%emt 0:04:34]} 11. Bd3 {[%emt 0:04:03]} Qe7 {[%emt 0:05:32]} 12. e4 {[%emt 0:06:49]} e5 {[%emt 0:00:39]} 13. Nxe5 {[%emt 0:03:35]} Nxe5 {[%emt 0:01:34]} 14. dxe5 {[%emt 0:00:06]} Qxe5 {[%emt 0:13:24]} 15. f4 {[%emt 0:03:03]} Bc5+ {[%emt 0:02:03]} 16. Be3 {[%emt 0:07:06]} Bxe3+ {[%emt 0:00:27]} 17. Qxe3 {[%emt 0:00:04]} Ng4 {[%emt 0:00:21]} 18. Qg3 {[%emt 0:02:40]} Qd4+ {[%emt 0:00:42]} 19. Kh1 {[%emt 0:00:04]} f5 {[%emt 0:02:41]} 20. Rae1 {[%emt 0:03:59]} Rae8 {[%emt 0:07:48]} 21. Bb1 {[%emt 0:05:52]} Nf6 {[%emt 0:08:08]} 22. e5 {[%emt 0:03:35]} Ne4 {[%emt 0:02:05]} 23. Bxe4 {[%emt 0:08:35]} fxe4 {[%emt 0:00:50]} 24. Rd1 {[%emt 0:00:24]} Qc4 {[%emt 0:04:03]} 25. f5 {[%emt 0:01:05]} Kh8 {[%emt 0:13:27]} 26. e6 {[%emt 0:05:41]} e3 {[%emt 0:04:37]} 27. Rf4 {[%emt 0:02:57]} Qc5 {[%emt 0:08:56]} 28. Rd7 {[%emt 0:15:27]} Rg8 {[%emt 0:03:21]} 29. Qg6 {[%emt 0:01:34]} h6 {[%emt 0:05:22]} 30. Rh4 {[%emt 0:00:36]} 1-0